Siriuttarjjhayanasuttam (Record no. 1401765)

MARC details
000 -LEADER
fixed length control field 00683nam a2200289Ia 4500
008 - FIXED-LENGTH DATA ELEMENTS--GENERAL INFORMATION
fixed length control field 161027s9999||||xx |||||||||||||| ||und||
040 ## - CATALOGING SOURCE
Transcribing agency Sanskrit
082 ## - DEWEY DECIMAL CLASSIFICATION NUMBER
Classification number X.B
082 ## - DEWEY DECIMAL CLASSIFICATION NUMBER
Item number BORI-39713
100 ## - MAIN ENTRY--PERSONAL NAME
Personal name Shree Randive
245 ## - TITLE STATEMENT
Title Siriuttarjjhayanasuttam
260 ## - PUBLICATION, DISTRIBUTION, ETC. (IMPRINT)
Place of publication, distribution, etc Nasik
260 ## - PUBLICATION, DISTRIBUTION, ETC. (IMPRINT)
Name of publisher, distributor, etc Shree Dhanraj Ratanchand Ranka
300 ## - PHYSICAL DESCRIPTION
Extent 413 + 94
300 ## - PHYSICAL DESCRIPTION
Other physical details 1-25
300 ## - PHYSICAL DESCRIPTION
Dimensions A
300 ## - PHYSICAL DESCRIPTION
Accompanying material Hardbound
530 ## - ADDITIONAL PHYSICAL FORM AVAILABLE NOTE
Uniform Resource Identifier <a href="00038375.pdf">00038375.pdf</a>
563 ## - BINDING INFORMATION
Binding note Text
600 ## - SUBJECT ADDED ENTRY--PERSONAL NAME
Personal name Shree Randive
630 ## - SUBJECT ADDED ENTRY--UNIFORM TITLE
Uniform title Siriuttarjjhayanasuttam
650 ## - SUBJECT ADDED ENTRY--TOPICAL TERM
Topical term or geographic name as entry element Buddhism & Jainism
650 ## - SUBJECT ADDED ENTRY--TOPICAL TERM
Topical term or geographic name as entry element Jainism
700 ## - ADDED ENTRY--PERSONAL NAME
Personal name Shree Randive
730 ## - ADDED ENTRY--UNIFORM TITLE
Uniform title Siriuttarjjhayanasuttam
942 ## - ADDED ENTRY ELEMENTS (KOHA)
Koha item type Book

No items available.